New Oxford thesaurus of English

Guardado en:
Detalles Bibliográficos
Formato: Libro
Lenguaje:Undetermined
Publicado: New York Oxford University Press 2004
Materias:
Etiquetas: Agregar Etiqueta
Sin Etiquetas, Sea el primero en etiquetar este registro!
Thư viện lưu trữ: Trung tâm Học liệu Trường Đại học Cần Thơ
LEADER 00440nam a2200169Ia 4500
001 CTU_96208
008 210402s9999 xx 000 0 und d
020 |c 490000 
082 |a 423 
082 |b N532 
245 0 |a New Oxford thesaurus of English 
260 |a New York 
260 |b Oxford University Press 
260 |c 2004 
650 |a English language 
904 |i Hiếu 
980 |a Trung tâm Học liệu Trường Đại học Cần Thơ